Olympic Sports That Begin With A - Statistics

General Stats
  • This quiz has been taken 20 times
  • The average score is 3 of 6
Answer Stats
Introduced Sport % Correct
Paris 1900 Archery
81%
Athens 1896 Athletics
69%
Garmisch-Partenkirchen 1936 Alpine Skiing
38%
Los Angeles 1984 Artistic Swimming
38%
Athens 1896 Artistic Gymnastics
25%
Buenos Aires 2018 Acrobatic Gymnastics
6%
No matching quizzes found
Score Distribution
Percent of People with Each Score
Percentile by Number Answered
Your Score History
You have not taken this quiz